| 000 | 00460nab a2200145Ia 4500 | ||
|---|---|---|---|
| 003 | ES-SlBCS | ||
| 005 | 20210907011009.0 | ||
| 008 | 140529s1959 xxu||||| |||| 00| 0 fre d | ||
| 041 | _afre | ||
| 100 | 1 |
_aDeveaux, André-A. _9173285 |
|
| 245 | 0 | 0 |
_aLe mystique et le philosophie selon Bergson _c André-A. Deveaux |
| 600 | 1 | 0 |
_aBergson, Henri _d1859-1941 _994688 |
| 773 | 0 |
_tGiornali di Metafisica _gvol. 14, nº. 6, 1959, págs. 766-783 _w0017-0372 |
|
| 942 | _cAR | ||
| 999 |
_c547089 _d547089 |
||